00503nam a22001697a 450000500170000000800410001702000180005804100080007608200190008410000190010324500860012225000090020826000610021730000110027836500170028965000270030620240524170444.0240402b |||||||| |||| 00| 0 eng d a9781543347456 aeng a 610.7368 /ABO aAbothu pradeep aA Textbook of forensic Nursing & Indian Lawsbfor BSc Nursing Students Semister-V a2023 aJalandharbS.Vikas & Company ( Medical publishers)c2023 a151 p. aRsb255cRs. aFundamental of Nursing